000 00344nam a22001453 4500
001 206867
005 20250709103906.0
090 _a206867
100 _a20250709 ukry50
101 _aukr
102 _aUA
200 _a
210 _d2025
801 _2unimarc
_aUA
_gpsbo
942 _cNEWSPAPER